Statistics for Anime OPS & EDs Quiz

Click here to take the quiz!

General Stats

  • This quiz has been taken 193 times
  • The average score is 5 of 18

Answer Stats

HintAnswer% Correct
The World (OP)Death Note
66%
Flyers (OP)Death Parade
65%
7-seven- (ED)Seven Deadly Sins
44%
database (OP)Log Horizon
43%
Dango Daikazoku (ED)Clannad
42%
Guns & Roses (OP)Baccano!
29%
Uragiri no Yuuyake (OP)Durarara!!
29%
V.I.P (OP)Magi
29%
Kuusou Mesorogiwi (OP)Future Diary
28%
Hello, world (OP)Blood Blockade Battlefront
26%
Trash Candy (OP)Bungou Stray Dogs
22%
I'm Alive (ED)Black Butler
21%
Future Fish (ED)Free!
19%
Wired Life (ED)Blue Exorcist
15%
It's The Right Time (ED)Parasyte
12%
Shiki no Uta (ED)Samurai Champloo
10%
Bakusou Yume Uta (ED)Soul Eater
8%
Reason Triangle (OP)Joker Game
5%

Score Distribution

Percentile by Number Answered

Percent of People with Each Score

Your Score History

You have not taken this quiz